[Event "Oberliga NRW"]
[Site "Porz"]
[Date "2015.03.01"]
[Round "7"]
[White "Tereick, Benjamin"]
[Black "Miedema, David"]
[Result "1-0"]
[WhiteElo "2422"]
[BlackElo "2341"]
[PlyCount "47"]
[EventDate "2015.??.??"]
[WhiteTeam "SV Wattenscheid"]
[BlackTeam "SG Porz 2"]

1. Nf3 Nf6 2. g3 d5 3. Bg2 c5 4. O-O Nc6 5. d4 cxd4 6. Nxd4 e5 7. Nxc6 bxc6 8.
c4 Rb8 9. Bg5 Be6 10. Bxf6 gxf6 11. Nc3 Rxb2 12. cxd5 cxd5 13. Nxd5 Bxd5 14.
Bxd5 Be7 15. Qc1 Rb6 16. Bc6+ Kf8 17. Qh6+ Kg8 18. Rac1 Bf8 19. Qh5 Ba3 20.
Rfd1 Qe7 21. Rc4 Rb4 22. Qg4+ Kf8 23. Rxb4 Bxb4 24. Rd7 1-0

[Event "Oberliga NRW"]
[Site "Porz"]
[Date "2015.03.01"]
[Round "7"]
[White "Korotkjevich, Stanislav"]
[Black "Hopmann, Pieter"]
[Result "1-0"]
[WhiteElo "2371"]
[BlackElo "2390"]
[PlyCount "106"]
[EventDate "2015.??.??"]
[WhiteTeam "SG Porz 2"]
[BlackTeam "SV Wattenscheid"]

1. d4 Nf6 2. Nf3 e6 3. c4 Bb4+ 4. Bd2 c5 5. Bxb4 cxb4 6. g3 b6 7. Bg2 Bb7 8.
O-O O-O 9. a3 Qe7 10. Nbd2 d5 11. cxd5 Bxd5 12. Re1 Ne4 13. Ne5 Nxd2 14. Bxd5
exd5 15. Qxd2 f6 16. Nd3 bxa3 17. Rxa3 Nc6 18. Nf4 Qd6 19. Rc3 Rac8 20. Rec1
Ne7 21. Rxc8 Rxc8 22. Rxc8+ Nxc8 23. Qc2 Ne7 24. Qa4 Nc6 25. Qa2 Nxd4 26. Qxa7
Ne6 27. Qa8+ Qd8 28. Qxd8+ Nxd8 29. Nxd5 b5 30. e4 Nb7 31. f3 Nd6 32. Kf2 Kf7
33. b3 f5 34. e5 Nb7 35. Ke3 Na5 36. b4 Nc6 37. f4 g6 38. Kd3 Ke6 39. Nc7+ Kd7
40. Na6 g5 41. Nc5+ Ke7 42. Kc3 h6 43. Nb3 Kf7 44. Nd4 Ne7 45. Nxb5 gxf4 46.
Nd4 fxg3 47. hxg3 f4 48. gxf4 Nd5+ 49. Kc4 Nxf4 50. b5 Ke8 51. e6 Kd8 52. b6
Ng6 53. Nc6+ Kc8 1-0

[Event "Oberliga NRW"]
[Site "Porz"]
[Date "2015.03.01"]
[Round "7"]
[White "Straeter, Timo"]
[Black "Malykin, Vitaly"]
[Result "1/2-1/2"]
[WhiteElo "2303"]
[BlackElo "2388"]
[PlyCount "52"]
[EventDate "2015.??.??"]
[WhiteTeam "SV Wattenscheid"]
[BlackTeam "SG Porz 2"]

1. d4 e6 2. c4 f5 3. g3 Nf6 4. Bg2 d5 5. Qc2 Nc6 6. Nf3 Be7 7. O-O O-O 8. a3 a5
9. Nc3 Ne4 10. Bf4 g5 11. cxd5 exd5 12. Be5 g4 13. Ne1 Nxe5 14. dxe5 c6 15. Nd3
Be6 16. Na4 Rc8 17. f3 Ng5 18. Nac5 b6 19. Nxe6 Nxe6 20. fxg4 fxg4 21. Rxf8+
Bxf8 22. Nf4 Nd4 23. Qd3 Qg5 24. e3 Nf3+ 25. Bxf3 gxf3 26. e6 Qe5 1/2-1/2

[Event "Oberliga NRW"]
[Site "Porz"]
[Date "2015.03.01"]
[Round "7"]
[White "Peschlow, Patrick"]
[Black "Franke, Johannes"]
[Result "1/2-1/2"]
[WhiteElo "2344"]
[BlackElo "2315"]
[PlyCount "119"]
[EventDate "2015.??.??"]
[WhiteTeam "SV Wattenscheid"]
[BlackTeam "SG Porz 2"]

1. e4 c6 2. d4 d5 3. Nd2 dxe4 4. Nxe4 Nf6 5. Nxf6+ gxf6 6. c3 Bf5 7. Nf3 e6 8.
g3 Bg7 9. Bg2 O-O 10. O-O Be4 11. Re1 f5 12. Bf1 Bxf3 13. Qxf3 Qd5 14. Qe2 Qd8
15. Be3 Nd7 16. Bg2 Qf6 17. Rad1 Rfd8 18. c4 Nb6 19. b3 Rd7 20. a4 Rad8 21. a5
Nc8 22. a6 Ne7 23. axb7 Rxb7 24. Rd3 Rbd7 25. Red1 Qg6 26. f4 Bf6 27. Qf2 a6
28. Qa2 Qg7 29. Qxa6 Qg4 30. Qa5 h5 31. Bf2 h4 32. Qe1 h3 33. Bf3 Qg7 34. Qe3
Ra8 35. b4 Ra4 36. d5 cxd5 37. cxd5 Rxb4 38. dxe6 Rxd3 39. Rxd3 fxe6 40. Qxe6+
Qf7 41. Qxf7+ Kxf7 42. Be3 Kg6 43. Kf2 Ng8 44. g4 Bh4+ 45. Ke2 Rb2+ 46. Bd2
fxg4 47. Bxg4 Nf6 48. Rxh3 Nxg4 49. Rxh4 Nf6 50. Kd3 Ra2 51. Rh8 Ra3+ 52. Kd4
Ra4+ 53. Ke3 Ra3+ 54. Ke2 Kf5 55. Rh6 Ra2 56. Kd3 Ra3+ 57. Ke2 Ra2 58. Rh3 Ne4
59. Rd3 Nxd2 60. Rxd2 1/2-1/2

[Event "Oberliga NRW"]
[Site "Porz"]
[Date "2015.03.01"]
[Round "7"]
[White "Hirsch, Stefan"]
[Black "Gallinnis, Norbert"]
[Result "1-0"]
[WhiteElo "2216"]
[BlackElo "2279"]
[PlyCount "35"]
[EventDate "2015.??.??"]
[WhiteTeam "SV Wattenscheid"]
[BlackTeam "SG Porz 2"]

1. e4 c5 2. Nf3 d6 3. Bb5+ Nd7 4. O-O Ngf6 5. Re1 e6 6. d4 cxd4 7. Qxd4 a6 8.
Bf1 b5 9. a4 bxa4 10. Qxa4 Bb7 11. Nc3 Be7 12. e5 dxe5 13. Nxe5 Qc8 14. Rd1 h6
15. Bf4 Qd8 16. Rd2 Bc8 17. Rad1 Bc5 18. Qc6 1-0

[Event "Oberliga NRW"]
[Site "Porz"]
[Date "2015.03.01"]
[Round "7"]
[White "Pauly, Carlo"]
[Black "De Weerd, Warner"]
[Result "1-0"]
[WhiteElo "2249"]
[BlackElo "2153"]
[PlyCount "79"]
[EventDate "2015.??.??"]
[WhiteTeam "SG Porz 2"]
[BlackTeam "SV Wattenscheid"]

1. d4 d6 2. c4 e5 3. Nc3 exd4 4. Qxd4 Nc6 5. Qd1 Nf6 6. g3 Be6 7. Nd5 Ne5 8. b3
c6 9. Nf4 d5 10. Nxe6 fxe6 11. cxd5 Ne4 12. Bg2 Bb4+ 13. Kf1 exd5 14. Bxe4 dxe4
15. Bb2 Qe7 16. Qd4 Ng4 17. Nh3 O-O 18. Kg2 Bc5 19. Qc4+ Kh8 20. Bd4 Bxd4 21.
Qxd4 Rad8 22. Qc3 e3 23. f3 Rd2 24. Rhe1 Nf6 25. Nf4 Nd5 26. Nxd5 cxd5 27. Rac1
d4 28. Qc7 Qb4 29. Rc4 Qa3 30. Qxb7 Qxa2 31. Rc8 Rxe2+ 32. Rxe2 Qxe2+ 33. Kh3
Qf1+ 34. Kg4 h5+ 35. Kg5 Qxf3 36. Qxf3 Rxc8 37. Kg6 Rd8 38. Qxh5+ Kg8 39. Qh7+
Kf8 40. Qxg7+ 1-0

[Event "Oberliga NRW"]
[Site "Porz"]
[Date "2015.03.01"]
[Round "7"]
[White "Schröder, Wilfried"]
[Black "Wagenknecht, Uwe"]
[Result "1-0"]
[WhiteElo "2146"]
[BlackElo "2190"]
[PlyCount "93"]
[EventDate "2015.??.??"]
[WhiteTeam "SV Wattenscheid"]
[BlackTeam "SG Porz 2"]

1. d4 Nf6 2. Nf3 b6 3. c4 Bb7 4. Nc3 d5 5. cxd5 Nxd5 6. Qa4+ Qd7 7. e3 Qxa4 8.
Nxa4 Nb4 9. Kd1 e6 10. a3 Nd5 11. Bb5+ c6 12. Bd3 Nd7 13. e4 N5f6 14. Be3 Be7
15. Ke2 O-O 16. Rac1 Rac8 17. Rhd1 Rfd8 18. h3 a6 19. Ne5 b5 20. Nxd7 Nxd7 21.
Nc5 Nxc5 22. dxc5 Bf6 23. Rd2 Kf8 24. f4 Bd4 25. Rcd1 Bxe3 26. Kxe3 e5 27. fxe5
Re8 28. Kf4 g5+ 29. Kxg5 Rxe5+ 30. Kf4 Rxc5 31. e5 Re8 32. Re2 Rd5 33. Bc2 Rxd1
34. Bxd1 c5 35. Rd2 Ke7 36. Bc2 Rd8 37. Rxd8 Kxd8 38. Bxh7 Bxg2 39. h4 Ke7 40.
h5 Bd5 41. h6 Kf8 42. Kg5 b4 43. axb4 cxb4 44. Kf6 a5 45. Bg6 Kg8 46. h7+ Kh8
47. Bxf7 1-0

[Event "Oberliga NRW"]
[Site "Porz"]
[Date "2015.03.01"]
[Round "7"]
[White "Liard, Thibaud"]
[Black "Wolf, Ulrich"]
[Result "1/2-1/2"]
[WhiteElo "2191"]
[BlackElo "2098"]
[PlyCount "131"]
[EventDate "2015.??.??"]
[WhiteTeam "SG Porz 2"]
[BlackTeam "SV Wattenscheid"]

1. d4 Nf6 2. c4 e6 3. g3 d5 4. Nf3 Be7 5. Bg2 O-O 6. O-O b6 7. Nc3 Bb7 8. Ne5
c6 9. e4 dxe4 10. Nxe4 Nxe4 11. Bxe4 Qc8 12. Qc2 f5 13. Bg2 c5 14. d5 exd5 15.
cxd5 Bf6 16. Nc4 Rd8 17. Bf4 Bxd5 18. Bxd5+ Rxd5 19. Nd6 Qc6 20. Rad1 b5 21.
Rxd5 Qxd5 22. Rd1 Qe6 23. Qxc5 Nd7 24. Qxb5 Rb8 25. Qxf5 Nf8 26. b3 Rd8 27. Qc2
g5 28. Be3 Rxd6 29. Rxd6 Qxd6 30. Bxa7 Ne6 31. Qc4 Kg7 32. h3 Qd1+ 33. Kg2 Nd4
34. Bxd4 Bxd4 35. Qc7+ Kg6 36. Qc6+ Kg7 37. Qb7+ Kg6 38. a4 Qd2 39. Qe4+ Kg7
40. Qf5 Bc3 41. h4 gxh4 42. gxh4 Bb4 43. Kg3 Bd6+ 44. Kg4 Qd1+ 45. f3 Be7 46.
Qe5+ Kf7 47. Qe3 Qd7+ 48. Kg3 Qc7+ 49. f4 Qc2 50. h5 Qd1 51. Qf3 Qe1+ 52. Kh3
Qh4+ 53. Kg2 Qe1 54. Qd5+ Kf6 55. Qg5+ Kf7 56. Qf5+ Ke8 57. Qe5 Qd2+ 58. Kf3
Qd1+ 59. Ke4 Qc2+ 60. Kd4 Qxb3 61. Qb5+ Qxb5 62. axb5 Bh4 63. Ke5 Bf2 64. Kf6
Kf8 65. h6 Be3 66. Kf5 1/2-1/2

[Event "SV Mülheim-Nord 2 - SF Lieme 1"]
[Site "Oberliga NRW 2014/2015"]
[Date "2015.03.01"]
[Round "7.1"]
[White "Wittke, Rene"]
[Black "Rezasade, Amir"]
[Result "0-1"]
[WhiteElo "2169"]
[BlackElo "2259"]
[PlyCount "58"]
[EventDate "2015.??.??"]
[WhiteTeam "SF Lieme 1"]
[BlackTeam "SV Mülheim-Nord 2"]

1. c4 c6 2. Nf3 d5 3. d4 Nf6 4. Qb3 dxc4 5. Qxc4 g6 6. Nbd2 Bf5 7. g3 Bg7 8.
Bg2 O-O 9. O-O Na6 10. a3 Ne4 11. Nxe4 Bxe4 12. Be3 Nc7 13. Rfd1 Nd5 14. Qc1
Qb6 15. Bh6 Bxh6 16. Qxh6 Bxf3 17. Bxf3 Qxb2 18. Rab1 Qxa3 19. Rxb7 Rab8 20.
Rd7 Rfd8 21. Rxd8+ Rxd8 22. h4 Qa4 23. e3 Nc3 24. Re1 Rd6 25. Qg5 Rf6 26. Qc5
Qc2 27. Qxe7 Rxf3 28. Qe8+ Kg7 29. Qe5+ Rf6 0-1

[Event "SV Mülheim-Nord 2 - SF Lieme 1"]
[Site "Oberliga NRW 2014/2015"]
[Date "2015.03.01"]
[Round "7.2"]
[White "Nabuurs, Joep"]
[Black "Schmitz, Philipp"]
[Result "1/2-1/2"]
[WhiteElo "2257"]
[BlackElo "2126"]
[Annotator "Hausrath,Daniel"]
[PlyCount "105"]
[EventDate "2015.??.??"]
[WhiteTeam "SV Mülheim-Nord 2"]
[BlackTeam "SF Lieme 1"]

1. e4 c5 2. Nf3 d6 3. d4 cxd4 4. Nxd4 Nf6 5. Nc3 a6 6. Be3 e5 7. Nb3 Be6 8. f3
Be7 9. Qd2 Nbd7 10. g4 O-O 11. g5 Nh5 12. O-O-O b5 13. Nd5 Bxd5 14. exd5 Nf4
15. h4 f6 16. Bxf4 exf4 17. Nd4 fxg5 18. Ne6 Qb6 19. hxg5 Qe3 20. Bd3 g6 21.
Nxf8 Rxf8 22. Rhg1 Qxf3 23. Rdf1 Qxd5 24. Rxf4 Qxa2 25. Rxf8+ Bxf8 26. Qe3 Ne5
27. Be2 Qa1+ 28. Kd2 Qxb2 29. Qb3+ Qxb3 30. cxb3 Be7 31. Kc3 Nc6 32. Bf3 b4+
33. Kd2 Ne5 34. Bd5+ Kg7 35. Ke3 a5 $11 36. Ke4 h6 37. gxh6+ Kxh6 38. Be6 Kg7
39. Ra1 Kf6 40. Bg8 Bd8 41. Kd5 Ke7 42. Rh1 Ng4 43. Re1+ Ne5 44. Be6 Bb6 45.
Rh1 Bc5 46. Rh7+ Kf6 47. Rh8 Kg5 48. Ra8 Kf4 49. Rxa5 g5 50. Rxc5 dxc5 51. Kxc5
Nd3+ 52. Kc4 Nc1 53. Kxb4 1/2-1/2

[Event "SV Mülheim-Nord 2 - SF Lieme 1"]
[Site "Oberliga NRW 2014/2015"]
[Date "2015.03.01"]
[Round "7.3"]
[White "Essing, Arnold"]
[Black "Buckels, Valentin"]
[Result "1-0"]
[WhiteElo "2162"]
[BlackElo "2138"]
[PlyCount "139"]
[EventDate "2015.??.??"]
[WhiteTeam "SF Lieme 1"]
[BlackTeam "SV Mülheim-Nord 2"]

1. d4 Nf6 2. Nf3 e6 3. c4 b6 4. g3 Ba6 5. Qc2 Bb7 6. Bg2 Be7 7. Nc3 O-O 8. O-O
d5 9. cxd5 exd5 10. Rd1 Nbd7 11. Ng5 c6 12. e4 dxe4 13. Ngxe4 Nd5 14. Nxd5 cxd5
15. Nc3 Nf6 16. Qb3 Qd7 17. Bg5 Rfd8 18. Re1 h6 19. Bxf6 Bxf6 20. Nxd5 Bxd4 21.
Ne7+ Kf8 22. Qc2 g6 23. Bxb7 Qxb7 24. Nc6 Rdc8 25. Rac1 Bf6 26. Re4 Kg7 27. Rc4
Rc7 28. b4 b5 29. Rc5 a6 30. h4 Re8 31. h5 g5 32. Qf5 Rd7 33. Na5 Qa7 34. Rc6
Bd4 35. R1c2 Rde7 36. Nb3 Be5 37. R2c5 Qd7 38. Qxd7 Rxd7 39. Rxa6 Rb7 40. Ra5
Bd6 41. Rcxb5 Rc7 42. Nd4 Rc1+ 43. Kg2 Kg8 44. Nf5 Bf8 45. Ne3 Re4 46. a3 Bd6
47. Rd5 Bc7 48. Rac5 Rxc5 49. Rxc5 Bb6 50. Rc4 Re5 51. Kf3 f5 52. g4 fxg4+ 53.
Nxg4 Rf5+ 54. Ke2 Kg7 55. Rc6 Bd4 56. f3 Bb2 57. Ra6 Rf4 58. Nxh6 Bxa3 59. Rxa3
Kxh6 60. Rb3 Kxh5 61. b5 Rf7 62. b6 Rb7 63. Kd3 Kg6 64. Kc4 Kf5 65. Kc5 Kf4 66.
Kc6 Rb8 67. b7 Kg3 68. Kc7 Rg8 69. b8=Q Rxb8 70. Kxb8 1-0

[Event "SV Mülheim-Nord 2 - SF Lieme 1"]
[Site "Oberliga NRW 2014/2015"]
[Date "2015.03.01"]
[Round "7.4"]
[White "Nachbar, Benjamin"]
[Black "Himpenmacher, Andy"]
[Result "1/2-1/2"]
[WhiteElo "2181"]
[BlackElo "2115"]
[PlyCount "23"]
[EventDate "2015.??.??"]
[WhiteTeam "SV Mülheim-Nord 2"]
[BlackTeam "SF Lieme 1"]

1. d4 Nf6 2. c4 e6 3. Nc3 Bb4 4. f3 c5 5. a3 Bxc3+ 6. bxc3 d6 7. Bg5 Nc6 8. e4
e5 9. d5 Na5 10. Bd3 b6 11. Qe2 O-O 12. a4 1/2-1/2

[Event "SV Mülheim-Nord 2 - SF Lieme 1"]
[Site "Oberliga NRW 2014/2015"]
[Date "2015.03.01"]
[Round "7.5"]
[White "Schaffarczyk, Andre"]
[Black "Bus, Tom"]
[Result "0-1"]
[WhiteElo "2115"]
[BlackElo "2105"]
[PlyCount "64"]
[EventDate "2015.??.??"]
[WhiteTeam "SF Lieme 1"]
[BlackTeam "SV Mülheim-Nord 2"]

1. e4 c6 2. d4 d5 3. Nc3 dxe4 4. Nxe4 Bf5 5. Ng3 Bg6 6. h4 h6 7. Nf3 Nd7 8. h5
Bh7 9. Bd3 Bxd3 10. Qxd3 e6 11. Bf4 Qa5+ 12. Bd2 Bb4 13. c3 Be7 14. Ne4 Ngf6
15. c4 Qc7 16. O-O-O O-O 17. g4 Nxg4 18. Qe2 b5 19. Rdg1 f5 20. Nc3 e5 21. Nxe5
Ndxe5 22. dxe5 b4 23. Na4 Qxe5 24. Qxe5 Nxe5 25. Bxh6 Rf7 26. Be3 Nxc4 27. Bd4
Kh7 28. Rg6 c5 29. Bxc5 Bxc5 30. Rc6 Ne5 31. Rxc5 Nd3+ 32. Kd2 Rd8 0-1

[Event "SV Mülheim-Nord 2 - SF Lieme 1"]
[Site "Oberliga NRW 2014/2015"]
[Date "2015.03.01"]
[Round "7.6"]
[White "Krueger, Andre"]
[Black "Eckardt, Joshua"]
[Result "1/2-1/2"]
[WhiteElo "2041"]
[BlackElo "2101"]
[Annotator "Hausrath,Daniel"]
[PlyCount "90"]
[EventDate "2015.??.??"]
[WhiteTeam "SV Mülheim-Nord 2"]
[BlackTeam "SF Lieme 1"]

1. d4 Nf6 2. Bg5 c5 3. Bxf6 gxf6 4. d5 Qb6 5. Qc1 Bh6 6. e3 f5 7. Ne2 d6 8. Nd2
Nd7 9. g3 Bg7 10. c3 Ne5 11. Nf4 Rg8 12. Be2 Bd7 13. O-O e6 14. Rd1 Ke7 15.
dxe6 fxe6 16. Nh5 Bb5 17. Bxb5 Qxb5 18. Nxg7 Rxg7 19. f4 Ng4 20. Nf1 h5 21. Qd2
Rd8 22. Rac1 h4 23. Rc2 $11 Nf6 24. Qe1 Ne4 25. Rg2 Rdg8 26. Rc1 Qe8 27. Rcc2
Qh5 28. gxh4 Qf3 29. Rg5 Nxg5 30. hxg5 Rh7 31. Rf2 Qd5 32. b3 Rh4 33. c4 Rg4+
34. Ng3 Qc6 35. Qc3 e5 36. Kf1 Ke6 37. Qd3 Rf8 38. Nh5 Qh1+ 39. Ke2 Rg1 40. Qd2
exf4 41. Nxf4+ $11 Kd7 42. g6 b6 43. h4 Qxh4 44. Qd5 Qg4+ 45. Rf3 Rg2+ 1/2-1/2

[Event "SV Mülheim-Nord 2 - SF Lieme 1"]
[Site "Oberliga NRW 2014/2015"]
[Date "2015.03.01"]
[Round "7.7"]
[White "Stork, Holger"]
[Black "Limbourg, Philipp"]
[Result "1/2-1/2"]
[WhiteElo "2051"]
[BlackElo "2115"]
[PlyCount "67"]
[EventDate "2015.??.??"]
[WhiteTeam "SF Lieme 1"]
[BlackTeam "SV Mülheim-Nord 2"]

1. e4 c5 2. Nc3 g6 3. g3 Bg7 4. Bg2 Nc6 5. d3 d6 6. f4 Qd7 7. Nf3 b6 8. O-O Bb7
9. Be3 Nd4 10. a4 Nh6 11. h3 f5 12. Ng5 O-O 13. Kh2 a6 14. Nd5 Rae8 15. c3 Nc6
16. Nxb6 Qc7 17. Nd5 Qd7 18. Bf2 e6 19. Ne3 e5 20. Nd5 Kh8 21. Qb3 Nd8 22. Be3
Nhf7 23. Nxf7+ Qxf7 24. Qc2 Bxd5 25. exd5 Qd7 26. Rae1 Nf7 27. Bd2 Re7 28. Bf3
Rfe8 29. b3 exf4 30. gxf4 Bh6 31. Qc1 Qb7 32. Rxe7 Qxe7 33. Kg2 Qh4 34. d4
1/2-1/2

[Event "SV Mülheim-Nord 2 - SF Lieme 1"]
[Site "Oberliga NRW 2014/2015"]
[Date "2015.03.01"]
[Round "7.8"]
[White "Roitburd, Talik"]
[Black "Stukenbrok, Nils"]
[Result "1/2-1/2"]
[WhiteElo "2084"]
[BlackElo "1991"]
[Annotator "Hausrath,Daniel"]
[PlyCount "48"]
[EventDate "2015.??.??"]
[WhiteTeam "SV Mülheim-Nord 2"]
[BlackTeam "SF Lieme 1"]

1. Nf3 d5 2. g3 Nf6 3. Bg2 e6 4. d3 c5 5. Nbd2 Nc6 6. O-O Be7 7. e4 b6 8. Re1
Bb7 9. e5 Nd7 10. h4 Qc7 11. Qe2 O-O-O 12. c4 Nb4 13. Nb3 dxc4 14. dxc4 Nb8 15.
Ng5 Bxg2 16. Kxg2 Qc6+ 17. f3 Nd3 18. Rd1 Nxc1 19. Raxc1 Bxg5 20. hxg5 Qc7 21.
Qe4 $11 Rd7 22. Rxd7 Qxd7 23. Rc2 Qc6 24. Qf4 Qc7 1/2-1/2

[Event "SV Würselen 1 - PSV Duisburg 1"]
[Site "Oberliga NRW 2014/2015"]
[Date "2015.03.01"]
[Round "7.1"]
[White "Fleck, Juergen"]
[Black "Docx, Stefan"]
[Result "0-1"]
[WhiteElo "2329"]
[BlackElo "2413"]
[PlyCount "68"]
[EventDate "2015.??.??"]
[WhiteTeam "PSV Duisburg 1"]
[BlackTeam "SV Würselen 1"]

1. f4 g6 2. Nf3 Bg7 3. g3 c5 4. Bg2 Nc6 5. O-O d6 6. d3 Nf6 7. e4 O-O 8. Nc3
Rb8 9. h3 b5 10. a3 a5 11. g4 b4 12. axb4 axb4 13. Ne2 c4 14. Be3 Nd7 15. d4 e6
16. Ng3 Nb6 17. Kh2 f5 18. gxf5 exf5 19. exf5 Nd5 20. Bd2 c3 21. Ng5 Nce7 22.
Bxd5+ Nxd5 23. Qf3 Rb5 24. bxc3 bxc3 25. Be1 gxf5 26. Ra7 Qb6 27. Rxg7+ Kxg7
28. Rg1 Qb7 29. Nxh7 Nf6 30. Nxf5+ Kxh7 31. Rg7+ Qxg7 32. Nxg7 Kxg7 33. d5 Rh8
34. Qg2+ Kf7 0-1

[Event "SV Würselen 1 - PSV Duisburg 1"]
[Site "Oberliga NRW 2014/2015"]
[Date "2015.03.01"]
[Round "7.4"]
[White "Goossens, Etienne"]
[Black "Wengenroth, Walter"]
[Result "1/2-1/2"]
[WhiteElo "2177"]
[BlackElo "2200"]
[Annotator "Hausrath,Daniel"]
[PlyCount "90"]
[EventDate "2015.??.??"]
[WhiteTeam "SV Würselen 1"]
[BlackTeam "PSV Duisburg 1"]

1. d4 d5 2. c4 e6 3. Nf3 Nf6 4. g3 c6 5. Qc2 Nbd7 6. Bg2 Bb4+ 7. Nbd2 O-O 8.
O-O Be7 9. e4 b6 10. Ne5 Bb7 11. cxd5 cxd5 12. Nc6 $11 Bxc6 13. Qxc6 Rc8 14.
Qa4 Qc7 15. e5 Ne8 16. Re1 Nb8 17. Nf3 Qb7 18. Bf1 Nc7 19. Bd3 Nc6 20. Bd2 b5
21. Qc2 g6 22. h4 b4 23. Bh6 Nb5 24. Bxb5 Nxe5 25. Qd1 Nxf3+ 26. Qxf3 Qxb5 27.
Bxf8 Rxf8 28. Rac1 h5 29. Qf4 Qa6 30. g4 hxg4 31. Qxg4 Bf6 32. h5 g5 33. Re3
Rc8 34. Rxc8+ Qxc8 35. Rf3 Qc1+ 36. Kg2 Bg7 37. a3 bxa3 38. bxa3 Qd2 39. Rg3
Bf6 40. Rb3 Qxd4 41. Qxd4 Bxd4 42. Rg3 Kg7 43. Rxg5+ Kh6 44. Rg4 Bc5 45. a4
Kxh5 1/2-1/2

[Event "SV Würselen 1 - PSV Duisburg 1"]
[Site "Oberliga NRW 2014/2015"]
[Date "2015.03.01"]
[Round "7.5"]
[White "Maslak, Sulejman"]
[Black "Weimann, Maximilian"]
[Result "1-0"]
[WhiteElo "2273"]
[BlackElo "2153"]
[PlyCount "57"]
[EventDate "2015.??.??"]
[WhiteTeam "PSV Duisburg 1"]
[BlackTeam "SV Würselen 1"]

1. c4 e5 2. Nc3 Nf6 3. g3 c6 4. d4 e4 5. Bg5 Bb4 6. Qb3 Bxc3+ 7. bxc3 O-O 8.
Bg2 Re8 9. c5 d6 10. cxd6 Qxd6 11. Bxf6 Qxf6 12. e3 Nd7 13. Qc2 Qe7 14. Ne2 Nf6
15. O-O Bg4 16. c4 Rad8 17. a4 Bf3 18. Rfb1 Qd7 19. h3 h5 20. Kh2 h4 21. gxh4
Nh5 22. Rg1 Qe7 23. Bxf3 exf3 24. Ng3 Qxh4 25. Qf5 Nxg3 26. Rxg3 Qe4 27. Qf6
Qh7 28. Rag1 g6 29. Rxg6+ 1-0

[Event "SV Würselen 1 - PSV Duisburg 1"]
[Site "Oberliga NRW 2014/2015"]
[Date "2015.03.01"]
[Round "7.6"]
[White "Andok, Claus Michael"]
[Black "Heisel, Guido"]
[Result "1-0"]
[WhiteElo "2100"]
[BlackElo "2091"]
[Annotator "Hausrath,Daniel"]
[PlyCount "125"]
[EventDate "2015.??.??"]
[WhiteTeam "SV Würselen 1"]
[BlackTeam "PSV Duisburg 1"]

1. c4 e5 2. g3 c6 3. Bg2 d5 4. cxd5 cxd5 5. d4 exd4 6. Qxd4 Be6 7. Nc3 Nc6 8.
Qa4 Bb4 9. Bd2 Nf6 10. Nf3 O-O 11. O-O Qe7 12. e3 a6 13. Ne2 $11 b5 14. Bxb4
Qxb4 15. Qxb4 Nxb4 16. Nfd4 Nd3 17. b3 Rac8 18. Rfd1 Nc5 19. Nf4 Rfe8 20. Rac1
b4 21. Nc2 a5 22. Nd4 Nfe4 23. Nb5 Bd7 24. Bxe4 Nxe4 25. Rxc8 Rxc8 26. Nxd5 Bg4
27. Rd4 Rc1+ 28. Kg2 f5 29. Rc4 Rd1 30. Rc8+ Kf7 31. Rc7+ Ke8 32. Rc8+ Kd7 33.
Nb6+ Ke7 34. Rc7+ Ke8 35. Rc8+ Ke7 36. Rc7+ Ke8 37. Rc8+ Kf7 38. Rc7+ Kg6 39.
Rc6+ Kh5 40. h3 Be2 41. Nd4 Bf1+ 42. Kh2 Nxf2 43. Nxf5 Bxh3 44. Nxg7+ Kg4 45.
Rc4+ Kg5 46. g4 Bxg4 47. Rc5+ Kg6 48. Ne8 Ne4 49. Rc7 Bf3 50. Rg7+ Kh6 51. Rg1
Rd2+ 52. Kh3 Bh5 53. Nc7 Rxa2 54. Ncd5 Bg6 55. Kg4 Rf2 56. Nf4 Nf6+ 57. Kg3 Rb2
58. Rh1+ Nh5+ 59. Kg4 Bf5+ 60. Kxf5 Rxb3 61. Rxh5+ Kg7 62. Ne6+ Kg8 63. Nd5 1-0

[Event "SV Würselen 1 - PSV Duisburg 1"]
[Site "Oberliga NRW 2014/2015"]
[Date "2015.03.01"]
[Round "7.7"]
[White "Sponheim, Marko"]
[Black "Bien, Stefan"]
[Result "1/2-1/2"]
[WhiteElo "1948"]
[BlackElo "2062"]
[Annotator "Hausrath,Daniel"]
[PlyCount "56"]
[EventDate "2015.??.??"]
[WhiteTeam "PSV Duisburg 1"]
[BlackTeam "SV Würselen 1"]

1. e4 c6 2. d4 d5 3. Nc3 dxe4 4. Nxe4 Bf5 5. Ng3 Bg6 6. Nf3 Nd7 7. h4 h6 8. h5
Bh7 9. Bd3 Bxd3 10. Qxd3 e6 11. Bd2 Qc7 $11 12. O-O-O Ngf6 13. Ne4 Nxe4 14.
Qxe4 Nf6 15. Qe2 Bd6 16. g3 O-O-O 17. c4 c5 18. Bc3 cxd4 19. Nxd4 a6 20. f4 Bc5
21. Nb3 Rxd1+ 22. Rxd1 Rd8 23. Rxd8+ Kxd8 24. Qf3 Bb6 25. c5 Bxc5 26. Nxc5 Qxc5
27. Qxb7 Qe3+ 28. Bd2 Qc5+ 1/2-1/2

[Event "SV Würselen 1 - PSV Duisburg 1"]
[Site "Oberliga NRW 2014/2015"]
[Date "2015.03.01"]
[Round "7.8"]
[White "Heinichen, Nils"]
[Black "Kukuk, Christian"]
[Result "1/2-1/2"]
[WhiteElo "2069"]
[BlackElo "1826"]
[Annotator "Hausrath,Daniel"]
[PlyCount "83"]
[EventDate "2015.??.??"]
[WhiteTeam "SV Würselen 1"]
[BlackTeam "PSV Duisburg 1"]

1. d4 Nf6 2. c4 e6 3. Nf3 b6 4. g3 Bb7 5. Bg2 Be7 6. O-O O-O 7. Nc3 d5 8. Ne5
Nbd7 9. b3 c5 10. e3 a6 11. Bb2 Qc7 $11 12. cxd5 Nxd5 13. Ne4 N5f6 14. Qc2 Bxe4
15. Bxe4 Nxe4 16. Qxe4 Nxe5 17. dxe5 Rad8 18. Rfd1 Rxd1+ $11 19. Rxd1 Rd8 20.
Rxd8+ Qxd8 21. Qc2 g6 22. e4 b5 23. Kg2 Qb6 24. Bc1 Qc6 25. Be3 c4 26. bxc4
bxc4 27. Bh6 Bf8 28. Bg5 Bg7 29. f4 h6 30. Be7 g5 31. Kf3 a5 32. a4 c3 33. Bf6
Qc4 34. Bxg7 Kxg7 35. Ke3 f5 36. exf6+ Kxf6 37. h4 gxf4+ 38. gxf4 e5 39. f5
Qd4+ 40. Kf3 h5 41. Qe2 Ke7 42. Qc2 1/2-1/2

[Event "SVG Plettenberg 1 - SV Dinslaken 1"]
[Site "Oberliga NRW 2014/2015"]
[Date "2015.03.01"]
[Round "7.1"]
[White "Sielecki, Christof"]
[Black "Haub, Thorsten Michael"]
[Result "1/2-1/2"]
[WhiteElo "2430"]
[BlackElo "2358"]
[PlyCount "33"]
[EventDate "2015.??.??"]
[WhiteTeam "SV Dinslaken 1"]
[BlackTeam "SVG Plettenberg 1"]

1. d4 e6 2. c4 f5 3. Nc3 Nf6 4. Qc2 Bb4 5. e3 O-O 6. Bd3 c5 7. Nf3 b6 8. O-O
Bb7 9. d5 Bxc3 10. bxc3 exd5 11. cxd5 Bxd5 12. Bxf5 Qe7 13. Nd2 Nc6 14. c4 Be6
15. Bb2 Bxf5 16. Qxf5 Qe6 17. Qxe6+ 1/2-1/2

[Event "SVG Plettenberg 1 - SV Dinslaken 1"]
[Site "Oberliga NRW 2014/2015"]
[Date "2015.03.01"]
[Round "7.2"]
[White "Bosch, Jeroen"]
[Black "Trella, Thomas"]
[Result "0-1"]
[WhiteElo "2342"]
[BlackElo "2378"]
[Annotator "Hausrath,Daniel"]
[PlyCount "148"]
[EventDate "2015.??.??"]
[WhiteTeam "SVG Plettenberg 1"]
[BlackTeam "SV Dinslaken 1"]

1. Nf3 d5 2. c4 e6 3. d4 Nf6 4. Nc3 Nbd7 5. Bf4 dxc4 6. e3 a6 7. a4 Nd5 8. Bxc4
Nxf4 9. exf4 Bd6 10. g3 O-O 11. O-O Nb6 12. Bb3 c6 13. Ne4 Bb4 14. Qc2 Nd5 15.
Rfd1 f6 16. Rac1 a5 17. Ba2 Re8 18. Nc5 Kh8 19. Bb1 g6 20. h4 Qc7 21. Kg2 Bxc5
22. Qxc5 Bd7 23. Re1 Rg8 24. Be4 b6 25. Qa3 Nb4 $11 26. Qe3 Rae8 27. Rh1 h5 28.
f5 Kg7 29. fxg6 Re7 30. Rhe1 Be8 31. Nd2 Bxg6 32. Bxg6 Kxg6 33. Qe4+ Kg7 34.
Qf3 Qd8 35. Ne4 Rd7 36. Rcd1 Rd5 37. Nc3 Rf5 38. Qe4 Re8 39. Qe2 Kf7 40. Qd2
Kg7 41. Re4 Nd5 42. Qe2 Kf7 43. Re1 Qd6 44. Kg1 Re7 45. Nd1 Re8 46. Ne3 Nxe3
47. Qxe3 Re7 48. Kg2 c5 49. dxc5 Rxc5 50. Qh6 Rf5 51. Qh7+ Ke8 52. Qxf5 exf5
53. Rxe7+ Kf8 54. Re8+ Kf7 55. R1e7+ Kg6 56. Rg8+ Kh6 57. Rh8+ Kg6 58. Rg8+ Kh6
59. Rgg7 f4 60. Rh7+ Kg6 61. Reg7+ Kf5 62. Rxh5+ Ke6 63. Rb5 Qc6+ 64. Kg1 Qc1+
65. Kg2 Qc6+ 66. Kg1 Qc1+ 67. Kh2 Qf1 68. gxf4 Qxf2+ 69. Kh3 f5 70. Rxb6+ Kd5
71. Rb5+ Ke6 72. Rg6+ Kf7 73. h5 Qf3+ 74. Rg3 Qh1# 0-1